000 00611cam a22002052 4500
001 0000007345
005 20151217152029.0
008 080114s xx 000 0 eng d
020 _cKES 1,100
040 _aKABU
_cKABU
050 0 _aHF5635
_b.S776 [2007]
110 2 _aStrathmore University.
_bDistance Learning Centre.
_@0000150769
245 1 0 _aFinancial accounting IV :
_bsubject no. 16 revision kit.
260 _aNairobi :
_bSUP,
_c[2007.
300 _axi, 325 p.
650 0 _aAccounting.
_@0000148321
908 _a080114
950 _@1
999 _c7490
_d7490